000 00511nmm a2200169Ia 4500
008 251105s9999||||xx |||||||||||||||||und||
020 _a9789587713282
041 _aspa
100 _aZuluaga Potes, Jorge Hernán
245 0 _aCartilla Impuesto al Valor Agregado 2016
264 _a[Bogotá, Colombia] :
_bEcoe Ediciones,
_c2016
300 _a253 páginas
490 _aCiencias empresariales
650 _aEconomics and Business
856 _uhttps://public.digitaliapublishing.com/a/40829
942 _cCF
999 _c96199
_d96199